| 000 | 00566nam a2200169Ia 4500 | ||
|---|---|---|---|
| 003 | IN-BaIIA | ||
| 008 | 211028s9999 xx 000 0 eng d | ||
| 040 | _cIIA Library | ||
| 080 |
_a083.8:524.3 _bBOS-3 |
||
| 100 |
_aBoss, Benjamin _911558 |
||
| 245 | 0 |
_aGeneral catalogue of 33342 stars for the epoch 1950 _bvol. III _cBenjamin Boss |
|
| 260 |
_aWashington _bCarnegie Institution of Washington _c1963 |
||
| 300 | _a339p. | ||
| 650 | _aAstronomy and Astrophysics Thesaurus | ||
| 650 |
_aCatalogue-Stars _9966 |
||
| 942 | _cBK | ||
| 999 |
_c6744 _d6744 |
||